Así vivían los primeros cristianos: evolución de las prácticas y las creencias en el cristianismo de los orígenes

Saved in:
Bibliographic Details
Main Authors: Aguirre Monasterio, Rafael (Author), Alvarez Cineira, David (Author), Bernabé Ubieta, Carmen (Author), Guijarro Oporto, Santiago (Author), Rivas Rebaque, Fernando (Author), Vaage, Leif E (Author)
Other Authors: Gil Arbiol, Carlos (autor), Miquel Pericás, Esther (autora)
Format: Book
Language:Spanish
Published: Pamplona Verbo Divino 2017
Edition:1a. ed
Series:Agora, 40
Subjects:
Tags: Add Tag
No Tags, Be the first to tag this record!

MARC

LEADER 00000cam a2200000 a 4500
001 UCC4345
003 CL-VaPUC
008 180727e20170000sp |||||||||||||||||spa|d
020 |a 9788490733424 
082 0 4 |a 270.1  |b AGU  |2 21 
100 0 |a Aguirre Monasterio, Rafael  |e author  |9 598552 
700 0 |a Alvarez Cineira, David  |e author  |9 598553 
700 0 |a Bernabé Ubieta, Carmen  |e author  |9 598554 
700 |a Gil Arbiol, Carlos  |e autor  |9 603566 
700 |a Guijarro Oporto, Santiago  |e author  |9 598556 
700 |a Miquel Pericás, Esther  |e autora  |9 598557 
700 0 |a Rivas Rebaque, Fernando  |e author  |9 598558 
700 0 |a Vaage, Leif E  |e author  |9 598559 
245 1 0 |a Así vivían los primeros cristianos: evolución de las prácticas y las creencias en el cristianismo de los orígenes 
250 |a 1a. ed 
300 |a 414 p 
942 |c BK 
945 |d 20180727 12:54:00  |a dcastane 
260 |a Pamplona  |b Verbo Divino  |c 2017 
650 0 |a Historia del cristianismo  |9 473480 
650 7 |a IGLESIA PRIMITIVA  |2 CL-VaPUC  |9 394704 
650 0 |a Cristianismo  |9 257361 
583 |a last modification  |c 20180727 12:54:00  |k Rodrigo Vera 
490 0 |a Agora, 40 
999 |c 371897  |d 371895 
952 |0 0  |1 0  |3 erb  |4 0  |6 270_100000000000000_AGU_2017  |7 0  |8 A  |9 489103  |a BIBTEO  |b BIBTEO  |i 5484006  |l 1  |o 270.1 AGU 2017  |p 5484006  |r 2025-01-17  |s 2023-10-25  |w 2019-11-24  |y BK  |z Catalogado en:20180727  |k ICR